Name a valid Taylor Swift song #3 - Statistics

General Stats
  • This quiz has been taken 241 times
  • The average score is 6 of 7
Answer Stats
Hint Answer % Correct
Name a Taylor Swift song starting with "C" Call It What You Want | CANCELLED! | cardigan | Carolina | Cassandra | Castles Crumbling | champagne problems | Change | Chloe or Sam or Sophia or Marcus | Christmas Tree Farm | Clara Bow | Clean | closure | Cold As You | Come Back...Be Here | Come In With The Rain | coney island | Cornelia Street | cowboy like me | Crazier | Cruel Summer
99%
Name a Taylor Swift song which is a collab or feature Breathe | You All Over Me | That's When | Two Is Better Than One | Highway Don't Care | Electric Touch | Castles Crumbling | Both of Us | The Last Time | Everything Has Changed | Nothing New | I Bet You Think About Me | Run | Safe & Sound | Bad Blood | I Don't Wanna Live Forever | End Game | Babe | Soon You'll Get Better | ME! | Lover | Gasoline | exile | no body, no crime | coney island | evermore | Birch | Renegade | The Joker And The Queen | Snow On The Beach | Karma | Anti-Hero | The Alcott | Fortnight | Florida!!! | us. | The Life of a Showgirl
97%
Name a Taylor Swift song from her self-titled debut album Tim McGraw | Picture To Burn | Teardrops On My Guitar | A Place in this World | Cold As You | The Outside | Tied Together with a Smile | Stay Beautiful | Should've Said No | Mary's Song (Oh My My My) | Our Song | I'm Only Me When I'm With You | Invisible | A Perfectly Good Heart
96%
Name a 1989 vault track "Slut!" | Say Don't Go | Now That We Don't Talk | Suburban Legends | Is It Over Now?
90%
Name a Taylor Swift Song which is marked as explicit I Bet You Think About Me | All Too Well (10 Minute Version) | the 1 | the last great american dynasty | mad woman | betty | peace | champagne problems | gold rush | tolerate it | happiness | ivy | cowboy like me | Renegade | Lavender Haze | Maroon | Snow On The Beach | Question...? | Vigilante Shit | Karma | Hits Different | The Tortured Poets Department | Down Bad | But Daddy I Love Him | Florida!!! | I Can Do It With a Broken Heart | The Smallest Man Who Ever Lived | The Black Dog | thanK you aIMee | Cassandra | The Bolter
87%
Name a single from Speak Now Mine | Back To December | Mean | The Story Of Us | Sparks Fly | Ours
87%
Name a Taylor Swift Song which was not played on The Eras Tour (Pre-The Life of a Showgirl) Beautiful Eyes | I Heart ? | That's When | Bye Bye Baby | Two Is Better Than One | Highway Don't Care | Both of Us | Girl At Home | Ronan | Forever Winter | Soon You'll Get Better | Only The Young | Christmas Tree Farm | Macavity | Beautiful Ghosts | Gasoline | Birch | Renegade | The Joker And The Queen | The Alcott
75%
No matching quizzes found
Score Distribution
Percent of People with Each Score
Percentile by Number Answered
Your Score History
You have not taken this quiz